Movies Quiz

Random Movies or Oscar Quiz

Most Oscars Movies Quiz Stats

 Plays Quiz Updated Sep 14, 2018

Score 0/26 Timer 06:00
1 Play Today
Oscars Film % Correct
11Titanic
92.7%
11The Lord of the Rings: The Return of the King
74.1%
8Gone With the Wind
66.7%
11Ben-Hur
55.1%
8Slumdog Millionaire
51.1%
7Schindler's List
41.1%
7Gravity
40%
7Dances with Wolves
33.7%
9The English Patient
33.2%
7Shakespeare in Love
33.1%
10West Side Story
30.6%
8Gandhi
30.2%
8Amadeus
29.8%
Oscars Film % Correct
8On the Waterfront
27.5%
7Patton
27.4%
7Out of Africa
25.5%
7Lawrence of Arabia
25.4%
7The Sting
24.7%
9The Last Emperor
23.5%
8My Fair Lady
23.5%
9Gigi
22.7%
8Cabaret
21.3%
7The Bridge on the River Kwai
18.5%
8From Here to Eternity
18.3%
7The Best Years of Our Lives
15.5%
7Going My Way
13%

You're not logged in!

Compare scores with friends on all Sporcle quizzes.
OR
Log In

Sporcle TV

Today on Sporcle TV


Watch our educational content, quiz creation guides, and fun videos on Sporcle TV.

Show Comments

Extras

Top Quizzes Today


Score Distribution

Your Account Isn't Verified!

In order to create a playlist on Sporcle, you need to verify the email address you used during registration. Go to your Sporcle Settings to finish the process.

Report this User

Report this user for behavior that violates our Community Guidelines.

Details: